[Event "Gibraltar Challenger op-A"]
[Site "Caleta"]
[Date "2017.01.23"]
[Round "1"]
[White "Jordan Martinez, David"]
[Black "Miracola, Giorgia"]
[Result "1-0"]
[WhiteElo "2122"]
[BlackElo "1924"]
[PlyCount "49"]
[EventDate "2017.01.23"]
[EventType "swiss"]
[EventRounds "5"]
[EventCountry "GGB"]
[SourceTitle "CBM 176 Extra"]
[Source "ChessBase"]
[SourceDate "2017.03.02"]
[SourceVersion "1"]
[SourceVersionDate "2017.03.02"]
[SourceQuality "1"]

1. e4 g6 2. d4 Bg7 3. Nc3 c5 4. d5 d6 5. Be3 Nf6 6. Qd2 0-0 7. Be2 a6 8. a4 Qa5 9. Ra3 Qb4 10. Bf3 c4 11. Nge2 Qa5 12. h3 Nbd7 13. Nd4 Ne5 14. Be2 Qc7 15. a5 Ned7 16. 0-0 Nc5 17. f3 Nh5 18. Na4 Ng3 19. Nb6 Rb8 20. Rd1 f5 21. exf5 Nxf5 22. Nxf5 Bxf5 23. Nxc4 Qc8 24. g4 Be5 25. Nxe5 1-0

[Event "Vila Real-ch"]
[Site "Vila Real"]
[Date "2016.11.19"]
[Round "7.3"]
[White "Jordan Martinez, David"]
[Black "Mezquita Broch, Pascual"]
[Result "1/2-1/2"]
[WhiteElo "2174"]
[BlackElo "1889"]
[PlyCount "83"]
[EventDate "2016.10.01"]
[EventType "swiss"]
[EventRounds "7"]
[EventCountry "RUF"]
[SourceTitle "EXT 2024"]
[Source "ChessBase"]
[SourceDate "2023.10.10"]
[SourceVersion "1"]
[SourceVersionDate "2023.10.10"]
[SourceQuality "1"]

1. e4 c5 2. c3 d6 3. d4 cxd4 4. cxd4 Nf6 5. Nc3 Nc6 6. Be3 g6 7. f3 Bg7 8. Qd2 0-0 9. Bd3 a6 10. Rc1 e5 11. Nge2 exd4 12. Nxd4 Nxd4 13. Bxd4 Be6 14. 0-0 Rc8 15. Rfd1 Qa5 16. Bf1 Rfd8 17. Qe3 Qh5 18. Qf4 Ne8 19. Bxg7 Kxg7 20. Rd2 Qe5 21. Qe3 Qc5 22. Rd4 Qb6 23. Qf2 Rc6 24. Rcd1 Rdc8 25. h3 Qc7 26. f4 Bc4 27. Bxc4 Rxc4 28. Nd5 Qc5 29. f5 Rxd4 30. f6+ Kh8 31. Rxd4 Qc1+ 32. Kh2 Qg5 33. Rb4 b5 34. a4 bxa4 35. Rxa4 Qe5+ 36. Qg3 Qxb2 37. Rxa6 Nxf6 38. Ne7 Re8 39. Qxd6 Nxe4 40. Qc7 Qb8 41. Ra7 Qxc7+ 42. Rxc7 1/2-1/2